Media facades ag4

Guardado en:
Detalles Bibliográficos
Formato: Libro
Publicado: Köln : daab, 2006
Etiquetas: Agregar Etiqueta
Sin Etiquetas, Sea el primero en etiquetar este registro!

MARC

LEADER 00000nam a22000003a 4500
001 stu246726
005 20150408182931.8
008 120521s2006----gw----------------------d
020 |a 978-3-937718-97-2 
040 |a STU  |b slo 
041 0
044 |a gw 
245 |a Media facades ag4 
260 |a Köln :  |b daab,  |c 2006 
300 |a 175 s 
996 |b 284V032395  |c V*51552/O-23028a  |l VVS  |s A  |a 24  |w stu246726_0001 
996 |b 284V032396  |c V*51551/O-23028  |l VVT  |s A  |a 24  |w stu246726_0002